| 000 | 01106cam a2200325 i 4500 | ||
|---|---|---|---|
| 999 |
_c200429046 _d46970 |
||
| 001 | 200429046 | ||
| 003 | TR-AnTOB | ||
| 005 | 20190408221927.0 | ||
| 007 | ta | ||
| 008 | 990916s20031999tu abh b 011 0btur d | ||
| 020 | _a9759515814 | ||
| 040 |
_aZCU _beng _erda _cZCU _dOSU _dOCL _dOCLCQ _dDLC _dBGZ _dTR-AnTOB |
||
| 041 | _atur | ||
| 049 | _aBGZA | ||
| 050 | 0 | _aDR588 | |
| 090 |
_aDR588 _b.H33 2003 |
||
| 100 |
_aHacıfettahoğlu, İsmail _9110604 |
||
| 245 | 1 | 0 |
_aSakarya şehidi Binbaşı Hüseyin Avni Bey - Tirebolulu Alparslan- : _bTrabzon İli Lâz mı? Türk mü? / _cİsmail Hacıfettahoğlu. |
| 246 | 3 | _aHüseyin Avni Bey | |
| 264 | 1 |
_aAnkara : _bAtlas Yayınları, _c2003. |
|
| 300 |
_a176 pages : _billustrations, maps ; _c21 cm |
||
| 336 |
_atext _2rdacontent |
||
| 337 |
_2rdamedia _aunmediated |
||
| 338 |
_avolume _2rdacarrier |
||
| 490 | 0 |
_aAtlas yayınları ; _v2 _aİnceleme/Araştırma dizisi ; _v1 |
|
| 504 | _aIncludes bibliographical references (pages 161-166) and index. | ||
| 600 | 0 | 0 |
_aHüseyin Avni Bey, _d1876-1921 _9119108 |
| 942 |
_2lcc _cBK |
||